000 00561nam a22001817a 4500
008 150520b xxu||||| |||| 00| 0 eng d
020 _a0374126461 :
041 0 _aeng
080 _a614.4
100 _aGarrett, Laurie.
245 _aThe coming plague :
_cLaurie Garrett.
260 _aNew York :
_bFarrar, Straus and Giroux,
300 _a750 f
_c25 cm.
505 _aIndex:f. 731-750
650 0 _aEpidemitë
_xPunët e famshme
650 0 _aSëmundjet e diskutueshme
_xPunët e famshme
942 _2udc
_cBK
999 _c851
_d851